As 50 maiores cidades do mundo - Statistics

Estatísticas Gerais
  • Esse quiz foi jogado 88 vezes
  • A pontuação média é 21 de 50
Estatísticas das Respostas
Continente População Cidade % Correto
Américas 22,6 mi São Paulo
95%
Ásia 41,2 mi Tóquio
95%
Ásia 21,5 mi Pequim
94%
Américas 21,8 mi Nova Iorque
92%
Europa 18,8 mi Moscou
86%
Europa 11,5 mi Paris
86%
Américas 25,4 mi Cidade do México
84%
Américas 16,8 mi Buenos Aires
83%
Américas 13,6 mi Rio de Janeiro
82%
Europa 15,1 mi Londres
81%
Ásia 35,7 mi Déli
79%
Américas 17,1 mi Los Angeles
77%
Ásia 41,6 mi Xangai
77%
África 22,8 mi Cairo
74%
Américas 10,6 mi Bogotá
69%
Ásia 29,5 mi Jacarta
69%
Ásia 25,2 mi Seul
66%
Américas 12,0 mi Lima
64%
Ásia 16,0 mi Istambul
58%
África 21,3 mi Lagos
55%
Ásia 27,6 mi Mumbai
49%
Ásia 72,7 mi Cantão
48%
Ásia 21,8 mi Bangkok
47%
Ásia 17,7 mi Osaka
43%
Ásia 23,1 mi Daca
42%
Ásia 27,8 mi Manila
36%
África 9,6 mi Luanda
35%
Ásia 16,8 mi Teerã
31%
Ásia 17,9 mi Calcutá
21%
África 16,3 mi Kinshasa
21%
Ásia 12,6 mi Wuhan
21%
Ásia 14,3 mi Cidade de Ho Chi Minh
18%
África 14,8 mi Johanesburgo
17%
Ásia 14,7 mi Bangalore
14%
Ásia 21,0 mi Carachi
14%
Ásia 12,9 mi Chongqing
14%
Ásia 10,5 mi Nagoia
14%
Ásia 10,1 mi Taipé
14%
Ásia 11,7 mi Tianjin
13%
Ásia 18,1 mi Chengdu
9%
Ásia 11,7 mi Haiderabade
9%
Ásia 13,4 mi Xian
9%
Ásia 12,9 mi Chennai
6%
Ásia 14,6 mi Hangzhou
5%
Europa 10,9 mi Reno-Ruhr
4%
Ásia 15,4 mi Xiamen
3%
Ásia 10,3 mi Zhengzhou
3%
Ásia 9,9 mi Amedabade
1%
Ásia 11,5 mi Changsha
1%
Ásia 14,6 mi Laore
1%
Nenhum quiz correspondente encontrado
Distribuição das Pontuações
Porcentagem de Pessoas com Cada Pontuação
Percentil de Números Respondidos
Sua Pontuação Histórica
Você não jogou esse quiz